000
00286nam a2200097Ia 4500
008
241105s9999 xx 000 0 und d
041
_a
eng
100
_a
Gunaji Aditi
_9
182616
245
_a
Sos Village For Destitute Children At Dongarwadi Pune
260
_b
Final Year B.Arch ID, Pune
_c
2014
999
_c
360907
_d
360907